000 00501cam a22001697a 4500
008 180718b2001 xxu||||| |||| 00| 0 eng d
020 _an.a.
082 _aK782 M294
100 _aMalhotra, K.L.
245 _aFacets of vigilance: prevention to prosecution
_cby K.L. Malhotra
260 _aDelhi
_bBahri
_c2001
300 _a684p.
650 _aCorruption - India
650 _aCentral Bureau of Investigation - India
650 _aCentral Vigilance Commission - India
650 _aVigilance India
999 _c399160
_d399160